Skew-tolerant circuit design (Record no. 177306)

MARC details
000 -LEADER
fixed length control field 00409nam a2200157Ia 4500
008 - FIXED-LENGTH DATA ELEMENTS--GENERAL INFORMATION
fixed length control field 231217s9999 xx 000 0 und d
020 ## - INTERNATIONAL STANDARD BOOK NUMBER
International Standard Book Number 1-55860-636-X
041 ## - LANGUAGE CODE
Language code of text/sound track or separate title English
082 ## - DEWEY DECIMAL CLASSIFICATION NUMBER
Classification number 621.3815 HAR;1 R
100 ## - MAIN ENTRY--PERSONAL NAME
Personal name Harris, David
245 #0 - TITLE STATEMENT
Title Skew-tolerant circuit design
260 ## - PUBLICATION, DISTRIBUTION, ETC.
Date of publication, distribution, etc. 2001
Name of publisher, distributor, etc. Morgan Kaufmann,
Place of publication, distribution, etc. San Francisco
300 ## - PHYSICAL DESCRIPTION
Extent xiv+223
650 ## - SUBJECT ADDED ENTRY--TOPICAL TERM
Topical term or geographic name entry element Skew-tolerant,circuit
942 ## - ADDED ENTRY ELEMENTS (KOHA)
Koha item type Books
Holdings
Date last seen Total checkouts Full call number Accession number Cost, total (INR) price Price effective from Category Lost status Damaged status Department Withdrawn status Home library Current library Shelving location Entry date Vendor Cost, normal purchase price Grants Billnumber Billdate Currency symbol Conversion rate Discount Old discount
26/01/2024   621.3815 HAR;1 R 40868 1930.07 26/01/2024 Books     Central Library   Central Library Central Library Central Library 16/02/2006 Sai Books 49.95 EC/PG 180 16/12/1994 USD 48.3 9.99 20

© For any Suggestions or Query, please contact the library staff @ librarian@pes.edu or Phone: +9180 2672 1983/ 2108.